000 00300 a2200145 4500
001 163986
020 _a
040 _cMagnum
100 _a-
240 1 0 _aOs pensadores: santo agostinho
_lpor
245 1 0 _aOs pensadores: santo agostinho
362 0 _a1899
697 _aFILOSOFIA
942 _cBK
999 _c163986
_d163986